[Event "Championnat de France - Open B"]
[Site "NANCY"]
[Date "2013.08.12"]
[Round "1.1"]
[White "Dereusme, Jean-Marc"]
[Black "Bellahcene, Rayane"]
[Result "0-1"]
[WhiteElo "1859"]
[BlackElo "1989"]
[PlyCount "128"]

1. d4 d6 2. e4 Nf6 3. Nc3 c6 4. Nf3 Bg4 5. Be2 Nbd7 6. O-O Qc7 7. a4 a5 8. Nd2
Bxe2 9. Qxe2 e5 10. Nb3 Be7 11. dxe5 Nxe5 12. f4 Ng6 13. Be3 O-O 14. Rad1 Nd7
15. Qf2 Bf6 16. Bd4 Rfe8 17. Bxf6 Nxf6 18. Qd4 Rad8 19. g3 Nf8 20. Rfe1 Ne6 21.
Qf2 Nd7 22. Nd2 Nb6 23. b3 h6 24. Nf3 Nd7 25. Nd2 Nb6 26. Nf3 Rd7 27. Rd3 Red8
28. Red1 Nc5 29. Rd4 Na6 30. Kg2 Nb4 31. R4d2 d5 32. e5 Nc8 33. Nd4 Ne7 34. f5
Qxe5 35. Re2 Qf6 36. Rde1 c5 37. Ndb5 d4 38. Ne4 Qxf5 39. Qxf5 Nxf5 40. Nxc5
Ne3+ 41. Rxe3 dxe3 42. Nxd7 Rxd7 43. Re2 Rd2 44. Kf3 Rxc2 45. Rxc2 Nxc2 46. Ke2
Kf8 47. Kd3 e2 48. Kxe2 Ke7 49. Kd3 Nb4+ 50. Ke4 g6 51. Na3 Ke6 52. Nc4 Nc6 53.
g4 f6 54. h3 f5+ 55. gxf5+ gxf5+ 56. Kf4 Kd5 57. Kxf5 Nd4+ 58. Kg6 Nxb3 59.
Nb6+ Kc5 60. Nd7+ Kb4 61. Nb6 Nc5 62. Kxh6 Nxa4 63. Nxa4 Kxa4 64. Kg5 Kb3 0-1

[Event "Championnat de France - Open B"]
[Site "NANCY"]
[Date "2013.08.12"]
[Round "1.2"]
[White "Audin, Gilles"]
[Black "Rayne, Remy"]
[Result "1/2-1/2"]
[WhiteElo "1981"]
[BlackElo "1859"]
[Annotator "Rivier,Sylvain"]
[PlyCount "105"]

1. d4 e6 2. c4 f5 3. g3 Nf6 4. Bg2 d5 5. Nf3 Bd6 6. O-O O-O 7. b3 c6 8. Ba3 Ne4
9. Bxd6 Qxd6 10. Qc2 Bd7 11. Nbd2 Be8 12. Ne5 Nd7 13. Nxd7 Qxd7 14. Nf3 Bh5 15.
Ne5 Qd6 16. c5 Qe7 17. b4 Ng5 18. a4 f4 19. Qd3 Rf6 20. b5 Qc7 21. bxc6 bxc6
22. Qa6 Nf7 23. g4 Bg6 24. Qxc6 Rc8 25. Qxc7 Rxc7 26. Nxg6 Rxg6 27. Rab1 Kf8
28. e4 Rxg4 29. exd5 f3 30. d6 Nxd6 31. cxd6 Rd7 32. Rb3 fxg2 33. Rc1 Rxd4 34.
Rc8+ Kf7 35. Rf3+ Kg6 36. Rg3+ Kf6 37. Rh8 h6 38. a5 R4xd6 39. Rf8+ Ke5 40. Rg8
Kf6 41. Rf8+ Ke7 42. Rg8 Kf6 43. Rf8+ Ke5 44. Rg8 Rd5 45. R3xg7 Rxg7 46. Rxg7
Rxa5 47. Kxg2 Kf6 48. Rh7 Kg6 49. Re7 e5 50. Kg3 a6 51. f3 Kf6 52. Rh7 Kg6 53.
Re7 {suite illisible} 1/2-1/2

[Event "Championnat de France - Open B"]
[Site "NANCY"]
[Date "2013.08.12"]
[Round "1.3"]
[White "Leclere, Mohamed"]
[Black "Joslin, Jerome"]
[Result "0-1"]
[WhiteElo "1858"]
[BlackElo "1980"]
[PlyCount "74"]

1. e4 e5 2. Nf3 Nc6 3. d4 exd4 4. Nxd4 Qh4 5. Nc3 Bb4 6. Ndb5 Kd8 7. Qd5 Qe7 8.
Bf4 d6 9. O-O-O Nf6 10. Qc4 a6 11. Nd4 Nxd4 12. Qxb4 Nc6 13. Qb3 h6 14. h4 b5
15. f3 Ne5 16. Nd5 Qe6 17. Nxf6 Qxb3 18. axb3 gxf6 19. Bxe5 fxe5 20. g4 Ke7 21.
Be2 Be6 22. Kd2 c5 23. Ra1 d5 24. Ra5 dxe4 25. fxe4 Rhg8 26. Rg1 f5 27. g5 hxg5
28. hxg5 f4 29. c4 Rad8+ 30. Kc2 Rh8 31. Rg2 Rh3 32. Rf2 Re3 33. Rxa6 Rxe4 34.
cxb5 Re3 35. Ra7+ Kf8 36. Bc4 Bf5+ 37. Bd3 Rexd3 0-1

[Event "Championnat de France - Open B"]
[Site "NANCY"]
[Date "2013.08.12"]
[Round "1.4"]
[White "Schmit, Vincent"]
[Black "Roullois, Jerome"]
[Result "1-0"]
[WhiteElo "1979"]
[BlackElo "1858"]
[PlyCount "71"]

1. e4 b6 2. d4 Bb7 3. Nd2 e6 4. Bd3 c5 5. c3 Nc6 6. Ne2 cxd4 7. Nxd4 Bc5 8.
N2b3 Be7 9. O-O Nf6 10. Qe2 Ne5 11. Bc2 a6 12. f4 Nc6 13. e5 Nd5 14. f5 Qc7 15.
fxe6 dxe6 16. Nxc6 Qxc6 17. Be4 b5 18. Be3 Qc7 19. Bd4 g6 20. Rf3 Rc8 21. Raf1
b4 22. Qf2 bxc3 23. bxc3 a5 24. Rxf7 Ba6 25. Rd1 Rf8 26. Rxf8+ Bxf8 27. Bxd5
exd5 28. Qf6 Be2 29. Rd2 Bc4 30. Rf2 Qe7 31. Qb6 a4 32. Na5 Bg7 33. Nb7 Rb8 34.
Qc6+ Qd7 35. Nd6+ Kd8 36. Bb6+ 1-0

[Event "Championnat de France - Open B"]
[Site "NANCY"]
[Date "2013.08.12"]
[Round "1.5"]
[White "Gineys, Patrick"]
[Black "Kodjabachian, Julien"]
[Result "1-0"]
[WhiteElo "1857"]
[BlackElo "1978"]
[PlyCount "113"]

1. Nf3 Nf6 2. d4 g6 3. b3 Bg7 4. Bb2 d5 5. c4 c6 6. e3 Bg4 7. Be2 O-O 8. O-O
Ne4 9. Nbd2 Nxd2 10. Qxd2 Nd7 11. cxd5 cxd5 12. Rac1 Nf6 13. h3 Bf5 14. Qb4 Rb8
15. Nd2 Qd7 16. Ba3 e5 17. dxe5 Ne4 18. Nxe4 Bxe4 19. Qd6 Rfd8 20. Qxd7 Rxd7
21. Bb5 Rdd8 22. Bd6 Rbc8 23. Be7 Rxc1 24. Rxc1 Ra8 25. f4 h6 26. Bd7 Bf8 27.
Bxf8 Kxf8 28. Rc8+ Rxc8 29. Bxc8 b6 30. h4 Ke7 31. Kf2 Kd8 32. Bh3 Kc7 33. g4
a5 34. a3 Kc6 35. Bg2 Bc2 36. b4 axb4 37. axb4 Bb3 38. f5 g5 39. hxg5 hxg5 40.
Ke2 Bc4+ 41. Kd2 Bb3 42. Bf3 Bc4 43. Kc3 Ba2 44. Kd4 Bb3 45. f6 Kd7 46. Bxd5
Bd1 47. Bxf7 Bxg4 48. Bd5 Bf5 49. Bc6+ Ke6 50. Bb7 Bc2 51. Bc8+ Kf7 52. Kd5
Bb3+ 53. Kd6 Bd1 54. Be6+ Ke8 55. Bd5 g4 56. e6 Bf3 57. f7+ 1-0

[Event "Championnat de France - Open B"]
[Site "NANCY"]
[Date "2013.08.12"]
[Round "1.6"]
[White "Steininger, Denis"]
[Black "Ginovart, Axel"]
[Result "0-1"]
[WhiteElo "1971"]
[BlackElo "1857"]
[PlyCount "62"]

1. e4 c5 2. Nf3 e6 3. d4 cxd4 4. Nxd4 Nf6 5. Nc3 Nc6 6. Nxc6 bxc6 7. Bd3 d5 8.
e5 Nd7 9. f4 Nc5 10. O-O Nxd3 11. cxd3 g6 12. d4 c5 13. Be3 cxd4 14. Qxd4 Be7
15. g4 Qd7 16. f5 Ba6 17. fxe6 fxe6 18. Rf2 Rf8 19. Rd1 Rxf2 20. Bxf2 Rb8 21.
b3 Rb4 22. Qxa7 Rxg4+ 23. Kh1 Qxa7 24. Bxa7 d4 25. h3 Bb7+ 26. Kh2 Rg2+ 27. Kh1
dxc3 28. Rf1 c2 29. Be3 Re2+ 30. Kg1 Rxe3 31. Rc1 Rc3 0-1

[Event "Championnat de France - Open B"]
[Site "NANCY"]
[Date "2013.08.12"]
[Round "1.7"]
[White "Masera, Michel"]
[Black "Lebon, Joffrey"]
[Result "1-0"]
[WhiteElo "1855"]
[BlackElo "1967"]
[Annotator "Rivier,Sylvain"]
[PlyCount "49"]

1. d4 Nf6 2. c4 e6 3. Nc3 c5 4. d5 exd5 5. cxd5 g6 6. e4 d6 7. Bd3 Bg7 8. h3
O-O 9. Nf3 Na6 10. O-O Nc7 11. Re1 Re8 12. a4 Rb8 13. Bf4 a6 14. a5 b5 15. axb6
Rxb6 16. Qd2 Rb4 17. Re2 Nb5 18. Na2 Ra4 19. Qd1 Raxe4 20. Bxe4 Rxe4 21. Rxe4
Nxe4 22. Qe2 f5 23. Rb1 g5 24. Nxg5 Nxg5 25. Qh5 {suite illisible} 1-0

[Event "Championnat de France - Open B"]
[Site "NANCY"]
[Date "2013.08.12"]
[Round "1.8"]
[White "Lanteri, Nicolas"]
[Black "Grego, Pierre"]
[Result "0-1"]
[WhiteElo "1966"]
[BlackElo "1854"]
[PlyCount "160"]

1. b4 e5 2. Bb2 d6 3. e4 Nf6 4. Nc3 g6 5. Bc4 Bg7 6. Nf3 O-O 7. h3 Nc6 8. a3
Nxe4 9. Nxe4 d5 10. b5 Nd4 11. Bxd5 Qxd5 12. Nc3 Qd8 13. O-O Bf5 14. d3 Re8 15.
Re1 Qd7 16. a4 Rad8 17. Ne4 Bxe4 18. dxe4 Qe7 19. Nxd4 exd4 20. Qd3 Be5 21. Qd1
Qc5 22. Ba3 Qc4 23. Qd3 Qe6 24. Bc5 b6 25. Bb4 Bd6 26. Bd2 Bc5 27. Kh1 Qf6 28.
Rf1 Qh4 29. Rae1 Re6 30. f4 Rde8 31. e5 f5 32. Qf3 Qd8 33. Rd1 Qa8 34. Qxa8
Rxa8 35. Bc1 Re7 36. Bb2 Rd7 37. Rf3 a6 38. c3 axb5 39. cxd4 Rxa4 40. Rfd3 Be7
41. Ba1 Rd5 42. Rb3 Kf7 43. Bc3 b4 44. Bb2 c5 45. Rc1 Ke6 46. g4 Ra7 47. g5 Kd7
48. h4 cxd4 49. Rd1 Bc5 50. h5 Ke6 51. hxg6 hxg6 52. Rh3 Rg7 53. Rh8 Rdd7 54.
Re8+ Rge7 55. Rg8 Rg7 56. Rc8 Rc7 57. Re8+ Rge7 58. Rh8 Rh7+ 59. Rxh7 Rxh7+ 60.
Kg2 Kd5 61. Bc1 b3 62. Bb2 Rh4 63. Kg3 Rh7 64. Re1 Bb4 65. Rd1 Bc5 66. Re1 Kc4
67. Rb1 Kd3 68. Ba1 Ra7 69. e6 Kc2 70. e7 Rxe7 71. Rb2+ Kc3 72. Re2+ Kc4 73.
Rd2 Re3+ 74. Kg2 d3 75. Rd1 Re2+ 76. Kf3 b2 77. Bxb2 Rxb2 78. Rc1+ Rc2 79. Ra1
Rf2+ 80. Kg3 d2 0-1

[Event "Championnat de France - Open B"]
[Site "NANCY"]
[Date "2013.08.12"]
[Round "1.9"]
[White "Arcusa, Michel"]
[Black "Merstorf, Denis"]
[Result "1-0"]
[WhiteElo "1852"]
[BlackElo "1964"]
[Annotator "Rivier,Sylvain"]
[PlyCount "58"]

1. d4 d5 2. c4 c6 3. e3 Nf6 4. Nc3 e6 5. Nf3 Nbd7 6. Bd3 Bd6 7. Qc2 dxc4 8.
Bxc4 b5 9. Bd3 Bb7 10. Ne4 Nxe4 11. Bxe4 Qc7 12. Bxh7 Nf6 13. Bd3 a6 14. e4 e5
15. dxe5 Bxe5 16. Nxe5 Qxe5 17. f4 Qd4 18. h3 c5 19. e5 Nd5 20. Qd2 Nb4 21. Bb1
Rxh3 22. gxh3 Bxh1 23. Qxd4 cxd4 24. Bd2 Nd5 25. Kf2 Nb6 26. Bd3 Bd5 27. b3 Kd7
28. Rc1 Rh8 29. Kg3 g6 {suite illisible} 1-0

[Event "Championnat de France - Open B"]
[Site "NANCY"]
[Date "2013.08.12"]
[Round "1.10"]
[White "Marimoutou, Loic"]
[Black "Claisse, Patrick"]
[Result "1-0"]
[WhiteElo "1960"]
[BlackElo "1850"]
[PlyCount "96"]

1. e4 c5 2. Nc3 Nc6 3. Bb5 Nd4 4. Bc4 e6 5. Nf3 Nf6 6. O-O a6 7. d3 b5 8. Bb3
Nxb3 9. axb3 Bb7 10. e5 Nd5 11. Ne4 d6 12. exd6 Bxd6 13. Nxd6+ Qxd6 14. Ng5 Nf6
15. Qe2 O-O 16. Bd2 h6 17. Nh3 Qc6 18. f3 Rfe8 19. Qe5 Nd5 20. Nf2 f5 21. Rfe1
Rac8 22. Rac1 Qc7 23. h4 Qxe5 24. Rxe5 Kf7 25. c4 Nf6 26. b4 Nd7 27. Ree1 Red8
28. Bc3 g6 29. Red1 h5 30. Nh3 Nf8 31. Ng5+ Kg8 32. Bf6 Rd7 33. cxb5 cxb4 34.
bxa6 Bxa6 35. Rxc8 Bxc8 36. Rc1 Bb7 37. d4 Nh7 38. Nxh7 Kxh7 39. Rc4 b3 40. Rb4
Bd5 41. Rb8 g5 42. Rh8+ Kg6 43. hxg5 Rh7 44. Rg8+ Kf7 45. Rc8 Kg6 46. Kh2 Ra7
47. Rg8+ Kh7 48. Rh8+ Kg6 1-0

[Event "Championnat de France - Open B"]
[Site "NANCY"]
[Date "2013.08.13"]
[Round "2.1"]
[White "Bellahcene, Rayane"]
[Black "Bajoni, Lucas"]
[Result "1-0"]
[WhiteElo "1989"]
[BlackElo "1870"]
[PlyCount "53"]
[EventDate "2013.??.??"]

1. Nf3 e6 2. c4 d5 3. g3 c5 4. Bg2 Nc6 5. O-O Nf6 6. b3 Bd6 7. Bb2 O-O 8. e3 b6
9. Qe2 Bb7 10. Nc3 d4 11. exd4 cxd4 12. Nb5 e5 13. Nxd6 Qxd6 14. Nxe5 Rfe8 15.
f4 Nd7 16. Qf2 Rxe5 17. fxe5 Ndxe5 18. Bd5 Qc5 19. b4 Qxb4 20. Bxd4 Nxd4 21.
Qxd4 Bxd5 22. Qxd5 Qc5+ 23. d4 Qxd5 24. cxd5 Nd7 25. Rac1 Nf6 26. d6 h6 27.
Rxf6 1-0

[Event "Championnat de France - Open B"]
[Site "NANCY"]
[Date "2013.08.13"]
[Round "2.2"]
[White "Joslin, Jerome"]
[Black "Gineys, Patrick"]
[Result "1-0"]
[WhiteElo "1980"]
[BlackElo "1857"]
[PlyCount "59"]
[EventDate "2013.??.??"]

1. d4 d6 2. c4 Nd7 3. e4 e5 4. d5 Ngf6 5. Nc3 Be7 6. Be3 O-O 7. Be2 c6 8. h3
Qa5 9. a3 Nxe4 10. Bd2 Nxd2 11. b4 Qd8 12. Qxd2 c5 13. Nf3 f5 14. O-O b6 15.
Rab1 e4 16. Nh2 Bg5 17. Qc2 Ne5 18. f4 exf3 19. Nxf3 Be3+ 20. Kh1 Nxf3 21. Rxf3
f4 22. Bd3 h6 23. Ne2 Qh4 24. Rbf1 Bg4 25. Nxf4 Bxf3 26. Bh7+ Kf7 27. Qg6+ Ke7
28. Qxg7+ Rf7 29. Ng6+ Ke8 30. Qg8+ 1-0

[Event "Championnat de France - Open B"]
[Site "NANCY"]
[Date "2013.08.13"]
[Round "2.3"]
[White "Turmel, Fabien"]
[Black "Schmit, Vincent"]
[Result "0-1"]
[WhiteElo "1871"]
[BlackElo "1979"]
[PlyCount "74"]
[EventDate "2013.??.??"]

1. d4 Nf6 2. c4 g6 3. Nc3 Bg7 4. e4 d6 5. Nf3 O-O 6. Be2 e5 7. O-O exd4 8. Nxd4
Re8 9. f3 Nc6 10. Be3 Nh5 11. Qd2 Nxd4 12. Bxd4 Nf4 13. Be3 Nxe2+ 14. Nxe2 a5
15. Bd4 Be6 16. Bxg7 Kxg7 17. Nc3 Qf6 18. Nd5 Bxd5 19. cxd5 c5 20. dxc6 bxc6
21. Rfc1 d5 22. Qc3 Qxc3 23. Rxc3 dxe4 24. fxe4 Rxe4 25. Rxc6 Re2 26. Rb1 Rd8
27. Rc5 Rdd2 28. Rg5 a4 29. Rg3 f5 30. h4 Kf6 31. Kf1 Rf2+ 32. Kg1 f4 33. Rg4
h6 34. g3 Rg2+ 35. Kh1 Rh2+ 36. Kg1 Rdg2+ 37. Kf1 g5 0-1

[Event "Championnat de France - Open B"]
[Site "NANCY"]
[Date "2013.08.13"]
[Round "2.4"]
[White "Baldi, Valentine"]
[Black "Marimoutou, Loic"]
[Result "1/2-1/2"]
[WhiteElo "1868"]
[BlackElo "1960"]
[PlyCount "53"]
[EventDate "2013.??.??"]

1. d4 Nf6 2. c4 g6 3. Nc3 d5 4. h4 Bg7 5. h5 dxc4 6. h6 Bf8 7. e4 e5 8. Bxc4
Be7 9. Qa4+ c6 10. Qb3 exd4 11. Bxf7+ Kf8 12. e5 Ng4 13. Nce2 Nxe5 14. Bc4 Qb6
15. Bf4 Qb4+ 16. Kf1 Nxc4 17. Qf3 Kg8 18. b3 Nd2+ 19. Bxd2 Qxd2 20. Qe4 Qg5 21.
Nxd4 Qf6 22. Re1 Bd8 23. Qe8+ Qf8 24. Qe5 Qf6 25. Qe8+ Qf8 26. Qe5 Qf6 27. Qe8+
1/2-1/2

[Event "Championnat de France - Open B"]
[Site "NANCY"]
[Date "2013.08.13"]
[Round "2.5"]
[White "Chebance, Benoit"]
[Black "Masera, Michel"]
[Result "1/2-1/2"]
[WhiteElo "1959"]
[BlackElo "1855"]
[PlyCount "91"]
[EventDate "2013.??.??"]

1. e4 c5 2. d4 cxd4 3. c3 Nf6 4. e5 Nd5 5. Bc4 Qc7 6. Qe2 Nb6 7. Bb3 Nc6 8. Nf3
d5 9. exd6 Qxd6 10. Nxd4 Nxd4 11. cxd4 e6 12. O-O Be7 13. Nc3 O-O 14. Be3 Nd5
15. Ne4 Qd8 16. Rad1 b6 17. Bc1 Bb7 18. a3 Qc8 19. Rfe1 Nf6 20. Ng5 Bd5 21.
Bxd5 Nxd5 22. Qd3 Bxg5 23. Bxg5 h6 24. Bd2 Qd8 25. Re4 Qf6 26. Rg4 Rac8 27. Qh3
Kh8 28. Rh4 Kh7 29. g4 Rc2 30. g5 Qg6 31. Kf1 Rxd2 32. Rxd2 Qxg5 33. Re2 Nf4
34. Qg4 Qxg4 35. Rxg4 Nxe2 36. Kxe2 Rc8 37. Kd2 f5 38. Rg3 Kg8 39. h4 Kf7 40.
h5 Rc4 41. Rd3 Kf6 42. b3 Rc7 43. Rg3 f4 44. Rg6+ Kf5 45. f3 a6 46. a4 1/2-1/2

[Event "Championnat de France - Open B"]
[Site "NANCY"]
[Date "2013.08.13"]
[Round "2.6"]
[White "Bornhauser, Eric"]
[Black "Arcusa, Michel"]
[Result "1-0"]
[WhiteElo "1950"]
[BlackElo "1852"]
[Annotator "Rivier,Sylvain"]
[PlyCount "59"]
[EventDate "2013.??.??"]

1. e4 c5 2. Nf3 e6 3. d4 cxd4 4. Nxd4 a6 5. Bd3 Qc7 6. O-O Nf6 7. c4 Nc6 8. Be3
Ne5 9. h3 Nxd3 10. Qxd3 b6 11. Nc3 Bb7 12. Rac1 Rc8 13. b3 Bb4 14. f3 Bxc3 15.
Qxc3 d5 16. exd5 Nxd5 17. Qd2 Nxe3 18. Qxe3 Qc5 19. Rfd1 O-O 20. Nc2 Qxe3+ 21.
Nxe3 Rfd8 22. Kf2 Kf8 23. b4 Ke7 24. Ke2 Rxd1 25. Rxd1 Rd8 26. Rc1 Rd4 27. a3
Rd8 28. Nd1 Kf6 29. Nf2 e5 30. Ke3 {suite illisible} 1-0

[Event "Championnat de France - Open B"]
[Site "NANCY"]
[Date "2013.08.13"]
[Round "2.7"]
[White "Adeimi, Michel"]
[Black "Richard, Francois"]
[Result "1-0"]
[WhiteElo "1949"]
[BlackElo "1833"]
[PlyCount "96"]
[EventDate "2013.??.??"]

1. e4 e6 2. Nf3 d5 3. Nc3 dxe4 4. Nxe4 Nd7 5. d4 Ngf6 6. Ng3 c5 7. c3 cxd4 8.
Nxd4 Be7 9. Bc4 e5 10. Ndf5 O-O 11. Bg5 Nb6 12. Bd3 Re8 13. Qe2 Be6 14. Bb5
Nbd7 15. Rd1 Qc7 16. Nxe7+ Rxe7 17. Ne4 Rae8 18. Bxf6 Nxf6 19. Nxf6+ gxf6 20.
Bxe8 Rxe8 21. a3 Bc4 22. Qg4+ Kh8 23. Qd7 Qb8 24. Qd6 Kg7 25. Qxb8 Rxb8 26. Rd6
Be6 27. f3 Kf8 28. Kf2 Ke7 29. Rhd1 Rc8 30. Ke3 f5 31. R6d2 a5 32. Kf2 a4 33.
Rd6 h5 34. Rb6 Rc7 35. Re1 f6 36. Rd1 Bd7 37. Rb4 Kf7 38. Rh4 Kg6 39. Rb4 Kf7
40. Rd6 Ke7 41. Rd3 Kf7 42. Rh4 Kg6 43. f4 Be8 44. Rd6 e4 45. Ke3 Rc5 46. Rd8
Bf7 47. Rh3 Rb5 48. Rg3+ Kh7 1-0

[Event "Championnat de France - Open B"]
[Site "NANCY"]
[Date "2013.08.13"]
[Round "2.8"]
[White "Abdesselem, Ahmed"]
[Black "Nicolas, Guillaume"]
[Result "1/2-1/2"]
[WhiteElo "1864"]
[BlackElo "1944"]
[PlyCount "100"]
[EventDate "2013.??.??"]

1. e4 e6 2. d4 d5 3. Nc3 Bb4 4. e5 c5 5. a3 Bxc3+ 6. bxc3 Ne7 7. Nf3 Nbc6 8.
Bd3 Qa5 9. Bd2 Qa4 10. Be3 Bd7 11. O-O Na5 12. dxc5 Ng6 13. Qb1 Bc6 14. Re1 Nh4
15. Nd4 Nc4 16. f4 O-O 17. g3 Ng6 18. h4 Rfe8 19. Ra2 f6 20. exf6 gxf6 21. h5
Nh8 22. Qd1 Qa5 23. Qg4+ Kf7 24. Bxh7 Qxc3 25. Bf2 Bd7 26. Bg6+ Nxg6 27. hxg6+
Kg7 28. Nxe6+ Bxe6 29. Rxe6 Rxe6 30. Qxe6 Kxg6 31. Qxd5 Nxa3 32. Qd3+ Qxd3 33.
cxd3 Nb5 34. Ra5 a6 35. c6 bxc6 36. Rxa6 Rc8 37. g4 f5 38. gxf5+ Kxf5 39. Be3
Kg4 40. Kf2 Nc3 41. Bd2 Nd5 42. Ra4 Rf8 43. Rc4 Rf6 44. Be3 Re6 45. Bc1 Rf6 46.
Re4 Nxf4 47. d4 Rf7 48. Bxf4 Rxf4+ 49. Ke3 Rxe4+ 50. Kxe4 Kg3 1/2-1/2

[Event "Championnat de France - Open B"]
[Site "NANCY"]
[Date "2013.08.13"]
[Round "2.9"]
[White "Pantin, Kevin"]
[Black "Ronce, Nathan"]
[Result "0-1"]
[WhiteElo "1860"]
[BlackElo "1943"]
[PlyCount "82"]
[EventDate "2013.??.??"]

1. d4 Nf6 2. c4 g6 3. Nc3 d5 4. cxd5 Nxd5 5. e4 Nxc3 6. bxc3 Bg7 7. Rb1 O-O 8.
Nf3 c5 9. Be2 cxd4 10. cxd4 Qa5+ 11. Bd2 Qxa2 12. Qc1 Qe6 13. e5 Qc6 14. Qd1 b6
15. O-O Be6 16. Bb5 Qb7 17. Ng5 Bd5 18. Qg4 h6 19. Nh3 Be4 20. Rbc1 Bf5 21. Qh4
Qe4 22. Qxe4 Bxe4 23. Rc7 a6 24. Bc4 b5 25. Ba2 e6 26. Rfc1 Rd8 27. Be3 Nd7 28.
Nf4 Nb6 29. Bxe6 fxe6 30. Nxe6 Rd7 31. Rxd7 Nxd7 32. Rc7 Bf5 33. Nxg7 Kxg7 34.
d5 Kg8 35. e6 Nf6 36. Bd4 Nxd5 37. Rg7+ Kf8 38. Rh7 Bxe6 39. Rh8+ Bg8 40. Rxh6
Ne7 41. Bc5 Rc8 0-1

[Event "Championnat de France - Open B"]
[Site "NANCY"]
[Date "2013.08.14"]
[Round "3.1"]
[White "Budin, Florent"]
[Black "Bellahcene, Rayane"]
[Result "0-1"]
[WhiteElo "1925"]
[BlackElo "1989"]
[PlyCount "72"]
[EventDate "2013.??.??"]

1. d4 d5 2. Nf3 e6 3. c4 c6 4. Nc3 Nd7 5. Bf4 dxc4 6. a4 Bb4 7. Nd2 Nb6 8. e3
Nd5 9. Be5 f6 10. Nxd5 cxd5 11. Bg3 Qa5 12. Be2 Bd7 13. Bh5+ g6 14. Bf3 c3 15.
bxc3 Bxc3 16. Ra2 Rc8 17. O-O Bxd2 18. Qxd2 Qxd2 19. Rxd2 Bxa4 20. Ra1 b5 21.
e4 Ne7 22. Bd6 Rd8 23. Bc5 Rd7 24. Re1 Kf7 25. Bxe7 Rxe7 26. exd5 Rd8 27. dxe6+
Rxe6 28. Rxe6 Kxe6 29. Bc6 Kd6 30. d5 Kc5 31. Rb2 a6 32. f3 Kc4 33. Kf2 Kc3 34.
Re2 Bb3 35. Ke3 Bxd5 36. Rd2 Kc4 0-1

[Event "Championnat de France - Open B"]
[Site "NANCY"]
[Date "2013.08.14"]
[Round "3.2"]
[White "Vaillant, Stephane"]
[Black "Joslin, Jerome"]
[Result "1/2-1/2"]
[WhiteElo "1911"]
[BlackElo "1980"]
[PlyCount "50"]
[EventDate "2013.??.??"]

1. d4 d5 2. Nf3 c5 3. c4 dxc4 4. e3 cxd4 5. Qxd4 Bd7 6. Bxc4 Nc6 7. Qd1 e6 8.
O-O a6 9. Nc3 Nf6 10. Qc2 g6 11. e4 Qc7 12. h3 Bc8 13. Bg5 Bg7 14. Rac1 O-O 15.
Bb3 Qa5 16. Rfd1 Bh6 17. Bf4 e5 18. Be3 Nh5 19. Nd5 Be6 20. Bb6 Qb5 21. Bc4 Qa4
22. Bb3 Qb5 23. Bc4 Qa4 24. Bb3 Qb5 25. Bc4 Qa4 1/2-1/2

[Event "Championnat de France - Open B"]
[Site "NANCY"]
[Date "2013.08.14"]
[Round "3.3"]
[White "Schmit, Vincent"]
[Black "Muller, Etienne"]
[Result "1/2-1/2"]
[WhiteElo "1979"]
[BlackElo "1907"]
[PlyCount "31"]
[EventDate "2013.??.??"]

1. e4 e5 2. Nc3 Nf6 3. f4 d5 4. fxe5 Nxe4 5. d3 Bb4 6. dxe4 Qh4+ 7. Ke2 Bg4+ 8.
Nf3 Bxc3 9. bxc3 dxe4 10. Qd4 Bxf3+ 11. gxf3 O-O 12. Ke3 Qe1+ 13. Kf4 Qh4+ 14.
Ke3 Qe1+ 15. Kf4 Qh4+ 16. Ke3 1/2-1/2

[Event "Championnat de France - Open B"]
[Site "NANCY"]
[Date "2013.08.14"]
[Round "3.4"]
[White "Van Rienen, Willy"]
[Black "Bornhauser, Eric"]
[Result "0-1"]
[WhiteElo "1906"]
[BlackElo "1950"]
[Annotator "Rivier,Sylvain"]
[PlyCount "58"]
[EventDate "2013.??.??"]

1. Nf3 Nf6 2. Nc3 Nc6 3. d4 d5 4. g3 g6 5. Bg2 Bg7 6. O-O O-O 7. Rb1 Bf5 8. Nh4
Be6 9. b4 Nxd4 10. Na4 Nf5 11. Nf3 Ne4 12. Bb2 Bxb2 13. Rxb2 Qe8 14. Nc5 Nxc5
15. bxc5 Qc6 16. Ne5 Qxc5 17. Rxb7 Rab8 18. Qb1 Rxb7 19. Qxb7 Qxc2 20. a3 Qxe2
21. Qxc7 Rc8 22. Qb7 Rc2 23. Qb8+ Kg7 24. Nd3 f6 25. Qd8 Rd2 26. Nf4 Bf7 27. g4
e5 28. gxf5 exf4 29. fxg6 hxg6 {suite illisible} 0-1

[Event "Championnat de France - Open B"]
[Site "NANCY"]
[Date "2013.08.14"]
[Round "3.5"]
[White "Azorit, Louis"]
[Black "Adeimi, Michel"]
[Result "1/2-1/2"]
[WhiteElo "1890"]
[BlackElo "1949"]
[PlyCount "67"]
[EventDate "2013.??.??"]

1. e4 c5 2. Nf3 e6 3. c4 Nc6 4. Nc3 Nf6 5. d3 e5 6. Bg5 d6 7. Be2 Be7 8. O-O
O-O 9. Bxf6 Bxf6 10. Nd5 Bg5 11. Nxg5 Qxg5 12. Qc1 Qd8 13. f4 Be6 14. Nc3 Nd4
15. f5 Bd7 16. Rf2 f6 17. Nd5 Bc6 18. Ne3 a6 19. Nc2 b5 20. Nxd4 exd4 21. b3
Rc8 22. h4 bxc4 23. bxc4 Qe7 24. Rb1 Rb8 25. Rb3 Rb4 26. h5 h6 27. Rxb4 cxb4
28. Qb2 Qe5 29. Qxb4 Qc5 30. Qd2 Rb8 31. Qf4 Rb1+ 32. Kh2 Rb8 33. Kg1 Rb1+ 34.
Kh2 1/2-1/2

[Event "Championnat de France - Open B"]
[Site "NANCY"]
[Date "2013.08.14"]
[Round "3.6"]
[White "Ronce, Nathan"]
[Black "Da Silva, Quentin"]
[Result "1/2-1/2"]
[WhiteElo "1943"]
[BlackElo "1848"]
[PlyCount "76"]
[EventDate "2013.??.??"]

1. c4 Nf6 2. g3 g6 3. Bg2 Bg7 4. Nc3 O-O 5. e4 d6 6. Nge2 c5 7. O-O Nc6 8. d3
a6 9. h3 Rb8 10. a4 Bd7 11. Be3 Ne8 12. d4 cxd4 13. Nxd4 Nc7 14. Rb1 Ne6 15.
Nde2 Na5 16. b3 b5 17. cxb5 axb5 18. b4 Nc4 19. a5 Nxe3 20. fxe3 Nc7 21. Nd5
Na6 22. Qd2 Be6 23. Nd4 Bxd4 24. Qxd4 Qd7 25. Nb6 Qa7 26. Rfc1 Rb7 27. Bf1 Nc7
28. Kh2 Na8 29. Nd5 Qxd4 30. exd4 Bxd5 31. exd5 Nc7 32. Bg2 Na6 33. Rc6 Ra8 34.
Bf1 Nc7 35. Bg2 Na6 36. Bf1 Nc7 37. Bg2 Na6 38. Bf1 Nc7 1/2-1/2

[Event "Championnat de France - Open B"]
[Site "NANCY"]
[Date "2013.08.14"]
[Round "3.7"]
[White "Merenciano, Alexandre"]
[Black "Duhamel, Benoit"]
[Result "1-0"]
[WhiteElo "1888"]
[BlackElo "1942"]
[PlyCount "43"]
[EventDate "2013.??.??"]

1. e4 d6 2. d4 Nf6 3. Nc3 Nbd7 4. Nf3 e5 5. dxe5 dxe5 6. Bc4 Bc5 7. O-O c6 8.
a4 b6 9. Qe2 O-O 10. Bg5 Qc7 11. Kh1 Bb7 12. Rad1 a6 13. Nh4 b5 14. Bb3 Rfe8
15. Nf5 b4 16. Nb1 Bf8 17. Qf3 c5 18. Nd2 Qc6 19. Rfe1 Nb6 20. Bxf6 gxf6 21.
Qg4+ Kh8 22. Bxf7 1-0

[Event "Championnat de France - Open B"]
[Site "NANCY"]
[Date "2013.08.14"]
[Round "3.8"]
[White "Venard, Paul-Andre"]
[Black "Legrand, Vincent"]
[Result "1-0"]
[WhiteElo "1933"]
[BlackElo "1837"]
[PlyCount "71"]
[EventDate "2013.??.??"]

1. d4 Nf6 2. c4 g6 3. Nf3 Bg7 4. g3 O-O 5. Bg2 d6 6. O-O c6 7. Nc3 Qa5 8. Bg5
h6 9. Bxf6 Bxf6 10. Qd2 Bg7 11. Rab1 e5 12. Rfd1 Nd7 13. b4 Qc7 14. dxe5 Nxe5
15. Nxe5 dxe5 16. b5 Bf5 17. Rbc1 Rad8 18. Qe3 Rxd1+ 19. Rxd1 Kh7 20. bxc6 bxc6
21. c5 Qa5 22. Rd6 e4 23. Nxe4 Qe1+ 24. Bf1 Bh3 25. Nd2 Rb8 26. f4 Qa1 27. Kf2
Be6 28. Bg2 Bd5 29. Nf3 Rb5 30. Ne5 Bf8 31. Bxd5 Bxd6 32. cxd6 Rxd5 33. Nxf7
Kg7 34. Qe7 Qd4+ 35. Kg2 Qf6 36. Ng5+ 1-0

[Event "Championnat de France - Open B"]
[Site "NANCY"]
[Date "2013.08.14"]
[Round "3.9"]
[White "Danielian, Kevin"]
[Black "Coiffait, Pierre-Basile"]
[Result "1/2-1/2"]
[WhiteElo "1787"]
[BlackElo "1931"]
[PlyCount "79"]
[EventDate "2013.??.??"]

1. d4 e6 2. c4 f5 3. Nf3 Nf6 4. Nc3 d6 5. Qc2 Be7 6. e4 fxe4 7. Nxe4 Nc6 8. Be3
O-O 9. Bd3 Ng4 10. Ng3 h6 11. O-O Nb4 12. Bh7+ Kh8 13. Qb1 Nxe3 14. fxe3 Bg5
15. Nxg5 Rxf1+ 16. Nxf1 Qxg5 17. a3 Nc6 18. Qg6 e5 19. Qxg5 hxg5 20. Be4 exd4
21. Bxc6 bxc6 22. exd4 Be6 23. Nd2 Kg8 24. Re1 Kf7 25. b3 Bf5 26. Kf2 a5 27.
Re3 Rh8 28. Kg3 Kf6 29. Ne4+ Kg6 30. Nd2 Rh4 31. Nf3 Rg4+ 32. Kf2 Re4 33. Rxe4
Bxe4 34. Ke3 Bc2 35. b4 axb4 36. axb4 Bf5 37. Nd2 Kf6 38. Ne4+ Kg6 39. Nd2 Kf6
40. Ne4+ 1/2-1/2